1220 1001 1977 1612 1600 1950 1060 1221 1022 1454 1158 1235 1664 1855 1957 1431 1262 1804 1169 1505 1073 1553 1260 1992 1184 1764 1182 1072 1906 1016 1244 1039 1881 1745 1258 1818 1705 1467 1146 1246 1904 1673 1009 1932 1674 1778 1395 1423 1661 1325 1419 1252 1514 1087 1177 1992 1344 1165 1410 1269 1045 1001 1865 1716 1593 1445 1183 1135 1416 1358 1556 1673 1014 1254 1937 1508 1569 1421 1935 1959 1178 1539 1100 1060 1897 1109 1769 1353 1622 1207 1130 1539 1225 1133 1098 1687 1496 1639 1900 BCNSPRNW ULIB Ver.6.0+V

เปลี่ยนเป็นภาษาไทย

Change to English
 แสดงรายละเอียดบรรณานุกรม
  กลับหน้าหลัก

Brief Record : Get Marc (ISO 2709) : E-mail record : QR code < ปิดหน้าต่าง
LEADER : 00000nam 2200000uu 4500
001    13399127169
003     ULIB
008    191018s2562||||th 000 0 tha d
020 ^- ^a9786168243039
050 ^- ^aนว.^bช499ห
100 0^ ^aชาณา,
245 10 ^aหัวใจปีศาจ /^cชาณา.
250 ^- ^aพิมพ์ครั้งที่ 2.
260 ^1 ^aกรุงเทพฯ :^bดีบุ๊คส์,^c2562.
300 ^- ^a416 หน้า.
945    ^p320^l0^i006355
999    ^aประนอม เกษจรัล
รายการนี้ยังไม่มีแท็ก
คุณยังไม่ได้ล็อกอิน คุณสามารถมีกิจกรรมร่วมกับเว็บไซต์ได้ แต่ต้องล็อกอินก่อน ::
  ล็อกอิน

รายการสื่อสารสนเทศ

ลำดับที่ ประเภท เลขเรียก/บาร์โค้ด สถานที่ สถานะ
1. นวนิยาย
นวนิยาย
นว. ช499ห ฉ.1 
  Barcode: 006355
ห้องสมุดวิทยาเขตนครสวรรค์
►นวนิยาย:l:Fiction
บนชั้น

รายการใกล้เคียง
    ผู้แต่ง [ชาณา,]

BibComment


ยังไม่เคยถูกคอมเมนท์

คอมเมนท์ทรัพยากรรายการนี้
  คอมเมนท์: หัวใจปีศาจ ชาณา


 Copyright 2026. Bcnsprnw @Library